Capítulo IV (Record no. 5)

MARC details
000 -LEADER
campo de control de longitud fija 00428 a2200133 4500
003 - IDENTIFICADOR DE NÚMERO DE CONTROL
campo de control OSt
005 - FECHA Y HORA DE LA ÚLTIMA TRANSACCIÓN
campo de control 20250725141126.0
008 - DATOS DE LONGITUD FIJA--INFORMACIÓN GENERAL
campo de control de longitud fija 250725b |||||||| |||| 00| 0 eng d
040 ## - FUENTE DE CATALOGACIÓN
Centro/agencia transcriptor Pandora
100 ## - ENTRADA PRINCIPAL--NOMBRE DE PERSONA
Nombre de persona Nettel Suárez, Guadalupe
9 (RLIN) 1
245 ## - MENCIÓN DEL TÍTULO
Título Capítulo IV
Resto del título : la playa y la estantería
Mención de responsabilidad, etc. / Guadalupe Nettel y Adolfo Castellano
773 0# - ASIENTO DE ITEM FUENTE
Lugar, editor y fecha de publicación Madrid Anagrama 2023
Título El barco de teseo
Encabezamiento principal Nettel Suárez, Guadalupe
Número de control del registro 2707
942 ## - ELEMENTOS DE ENTRADA SECUNDARIOS (KOHA)
Fuente de la clasificación o esquema de estantería Clasificación Decimal Dewey
Suprimir en OPAC No
Tipo de ítem Koha Monografías
Holdings
Estatus retirado Estado de pérdida Fuente de la clasificación o esquema de estantería Estado de daño No para préstamo Biblioteca de origen Biblioteca actual Fecha de adquisición Total de préstamos Total de renovaciones Signatura topográfica completa Código de barras Fecha de vencimiento Visto por última vez Fecha del último préstamo Precio de reemplazo Tipo de ítem Koha
    Clasificación Decimal Dewey     Centerville Centerville 25/07/2025 1 4 SIDD-23 RV2025-0003 03/10/2025 25/07/2025 25/07/2025 25/07/2025 Monografías